Lyrics - Coffee - beabadoobee - Statistics

General Stats
  • This quiz has been taken 8 times
  • The average score is 102 of 151
Answer Stats
Hint Answer % Correct
a
100%
and
100%
coffee
100%
I
100%
you
100%
cup
86%
for
86%
of
86%
out
86%
that
86%
the
86%
your
86%
bed
71%
verse don't
71%
go
71%
head
71%
I'll
71%
in
71%
it
71%
long
71%
make
71%
me?
71%
me
71%
stay
71%
to
71%
too
71%
up
71%
when
71%
alright
57%
awake
57%
feel
57%
get
57%
goin'
57%
on
57%
right
57%
with
57%
amount
43%
day
43%
fine
43%
how
43%
know
43%
like
43%
one
43%
promise
43%
sugar
43%
come
29%
door
29%
down
29%
eyes
29%
green
29%
hold
29%
inside
29%
it's
29%
knock
29%
makes
29%
nice
29%
okay,
29%
tight
29%
warm
29%
outro yeah,
29%
good
14%
won't
14%
No matching quizzes found
Score Distribution
Percent of People with Each Score
Percentile by Number Answered
Your Score History
You have not taken this quiz